LEADER 00919nam a2200241 i 4500 001 000000219342 003 CaOOAMICUS 005 20130320000000.0 008 130320s1972 it u000 u ita u 013 $a198239 040 $aSeMil$bita 100 1 $aMandel'?tam, O?ip,$d<1891-1938>.$0(OLS)http://semarc/name/92531 245 10$aPoesie /$cO?ip Mandel'?tam ; a cura di Serena Vitale. 260 $a[Milano] :$bGarzanti,$c1972. 300 $a191 p. ;$c18 cm. 490 0 $aI Garzanti ;$v388 700 1 $aVitale, Serena,$d<1945- >.$0(OLS)http://semarc/name/37047 830 2$aI Garzanti ;$v388.$0(OLS)http://semarc/title/7189 850 $aSeMil 852 $aSeMil$W1$xVenegono$y1$m1V I 195$j169707$B169707$CSeMilBibl$Z2$F187453 $81 961 $aOmaggio: Tremolada don Pierantonio 996 $6245$aPoesie$9(OLS)http://semarc/title/2285 996 $6260$a[Milano] :$bGarzanti$9(OLS)http://semarc/publisher/31829 LEADER 01605nam a2200313 i 4500 001 000000067392 003 CaOOAMICUS 005 20260219091510.0 008 130606s1731 it u000 u ita u 013 $a38564 026 $adimo n-uo j,o- sifr (3) 1737 (R) 040 $aSeMil$bita 100 1 $aBoethius, Anicius Manlius Torquatus Severinus,$d<480-524>.$0(OLS)http://semarc/name/455 245 10$aBoezio Severino Della consolazione della filosofia. Tradotto di lingua latina, in volgare fiorentino. Da Benedetto Varchi. Con annotazioni in margine, ...aggiuntavi la vita dell'autore, .. 260 $aIn Venezia :$bAppresso Francesco Piacentini,$c1731. 300 $aXXII, [2], 184 p. ;$c8º. 500 $aIll. calcogr. 500 $aIniz. e fregi xilogr. 500 $aSegn.: *12 A-L8 M4 650 4$aBoezio, Severino <480-524> . De consolatione philosophiae.$0(OLS)http://semarc/subject/11290 700 1 $aVarchi, Benedetto,$d<1503-1565>.$0(OLS)http://semarc/name/10999 700 1 $aPiacentini, Francesco,$c.$0(OLS)http://semarc/name/12109 850 $aSeMil 852 $aSeMil$W1$xVenegono$y1$m2O I 32 FA$j33545$B33545$CSeMilBibl$Z2$F33548 $8I 900 1 $aBoezio, Severino. 996 $6245$aBoezio Severino Della consolazione della filosofia. Tradotto di lingua latina, in volgare fiorentino. Da Benedetto Varchi. Con annotazioni in margine, ...aggiuntavi la vita dell'autore, ..$9(OLS)http://semarc/title/107402 996 $6260$aIn Venezia :$bAppresso Francesco Piacentini$9(OLS)http://semarc/publisher/42728